| 000 | 00995nam a22002537a 4500 | ||
|---|---|---|---|
| 005 | 20170124102953.0 | ||
| 010 | _aA-764023 | ||
| 020 | _c100.00 | ||
| 035 | _aA-764023 | ||
| 037 | _bCen Lib/Ret | ||
| 040 |
_aDPL _bHN |
||
| 082 |
_a821 _bजैनसु |
||
| 100 |
_aजैन, सुनीता _952159 |
||
| 245 |
_aमूंक कोरित वाचालं / _cसुनीता जैनस |
||
| 246 |
_aMoonk korit vachaaln / _bby Sunita Jain |
||
| 260 |
_aनई दिल्ली _bनीलकंठ प्रकाशन _c1996 |
||
| 270 |
_bनई दिल्ली _e110030 _a1/1079 ई, मेरौली |
||
| 300 |
_a95पृ. _c20सेमी(सजिल्द) |
||
| 650 |
_aहिंदी साहित्य _952160 |
||
| 650 |
_aहिंदी साहित्य -- कविता _952161 |
||
| 650 |
_aHindi literature _952162 |
||
| 650 |
_aHindi literature -- Poetry _952163 |
||
| 942 |
_2ddc _cHN _h821 _mजैनसु |
||
| 999 |
_c113419 _d113419 |
||